Films sur l'univers de J.R.R Tolkien - Statistiques

Statistiques générales
  • Ce quiz a été pris 246 fois
  • Le résultat moyen est 6 sur 9
Statistiques - réponses
Hint Réponse % Correct
Le Seigneur des Anneaux - La Communauté de l'Anneau 2001
86%
Le Seigneur des Anneaux - Le Retour du Roi 2003
85%
Le Seigneur des Anneaux - Les Deux Tours 2002
84%
Le Hobbit - Un voyage inattendu 2012
82%
Le Hobbit - La Bataille des Cinq Armées 2014
79%
Le Hobbit - La Désolation de Smaug 2013
73%
Tolkien 2019
53%
Le Hobbit 1977
37%
Le Seigneur des Anneaux 1978
34%
Aucun quiz correspondant
Distribution des résultats
% des personnes avec chaque résultat
Percentile par nombre de réponses
Votre historique - résultats
Vous n’avez pas pris ce quiz